00642cam a2200193 a 450000100100000000500170001000800410002704000280006805000160009608200210011210000440013324500570017726000560023430000320029049000380032250400310036065000190039183000380041000000155520200929145622.0740801s1966 nyua b 001 0 eng  aDO-SdBNPcDLCdICUdDLC00aQH605b.W73 a574.87623bW746c1 aWilson, G. B.q(George Bernard),d1914-10aCell division and the mitotic cycle /cG. B. Wilson. aNew York :bReinhold Publishing Corporation,c1966. aix, 111 p. :bil. ;c19 cm.1 aSelected Topics in Modern Biology aBibliografìa: p. 99-100. 0aCell division. 0aSelected Topics in Modern Biology